[Event "Rochade Steele/Kray 2 - DJK Wacker Berg"]
[Site "Verbandsklasse - Gruppe 1 201"]
[Date "2018.10.07"]
[Round "2.6"]
[White "Kleeberg, Stefan"]
[Black "Alinsug, Salvadore"]
[Result "0-1"]
[WhiteElo "1554"]
[BlackElo "1711"]
[PlyCount "80"]
[EventDate "2018.??.??"]

1. d4 Nf6 2. c4 e6 3. Nc3 Be7 4. e4 d6 5. Be3 Nc6 6. Bd3 a6 7. h3 e5 8. d5 Na7
9. Nf3 Bd7 10. Qb3 Qc8 11. a4 h6 12. Qa2 c5 13. b3 O-O 14. a5 Qd8 15. Bd2 Nh7
16. Na4 Nc8 17. O-O Ng5 18. Nh2 f5 19. f3 f4 20. Kf2 Nh7 21. Rg1 Bh4+ 22. Ke2
Nf6 23. Nc3 Nh5 24. Kd1 Bf2 25. Rf1 Bd4 26. Be1 Ng3 27. Bxg3 fxg3 28. Ng4 Bxc3
29. Rb1 Bxg4 30. hxg4 Qg5 31. Ke2 Ne7 32. Rbc1 Bb4 33. Rcd1 Ng6 34. Rh1 Nf4+
35. Kf1 Nxd3 36. Rh5 Qe3 37. Qc2 Nf2 38. Rb1 Nxg4 39. Rh3 Nh2+ 40. Rxh2 gxh2
0-1

[Event "Rochade Steele/Kray 2 - DJK Wacker Berg"]
[Site "Verbandsklasse - Gruppe 1 201"]
[Date "2018.10.07"]
[Round "2.7"]
[White "Simsheuser, Josef"]
[Black "Peters, Guenter"]
[Result "1/2-1/2"]
[WhiteElo "1737"]
[BlackElo "1690"]
[PlyCount "84"]
[EventDate "2018.??.??"]

1. d4 Nf6 2. Nc3 d5 3. Bg5 e6 4. e4 dxe4 5. Nxe4 Be7 6. Bd3 Nbd7 7. Nf3 h6 8.
Be3 Nxe4 9. Bxe4 Nf6 10. Bd3 O-O 11. Qd2 Ng4 12. Bf4 g5 13. h3 Nxf2 14. Kxf2
gxf4 15. Qxf4 Bg5 16. Qg4 f5 17. Qg3 Qd6 18. Ne5 Qxd4+ 19. Kf1 Qf4+ 20. Qxf4
Bxf4 21. Nf3 e5 22. g3 Bxg3 23. Rg1 f4 24. Ke2 Bf5 25. Nd2 Kh8 26. Ne4 Bh4 27.
Kf3 Rg8 28. Bc4 Rgd8 29. Bd3 Rd4 30. Rg2 Bxe4+ 31. Bxe4 Bg3 32. Re2 c6 33. b3
Re8 34. a4 Kg7 35. Rc1 Kf6 36. Rh1 Red8 37. Rf1 Rd2 38. Rh1 Rd1 39. Rxd1 Rxd1
40. Kg4 Re1 41. Rxe1 Bxe1 42. Kh5 Kg7 1/2-1/2

[Event "Rochade Steele/Kray 2 - DJK Wacker Berg"]
[Site "Verbandsklasse - Gruppe 1 201"]
[Date "2018.10.07"]
[Round "2.8"]
[White "Vellaiswamy, Rishikeshan"]
[Black "Gerhardt, Ralf"]
[Result "0-1"]
[WhiteElo "1434"]
[BlackElo "1720"]
[PlyCount "52"]
[EventDate "2018.??.??"]

1. d4 Nf6 2. c4 g6 3. Nc3 d5 4. cxd5 Nxd5 5. e4 Nxc3 6. bxc3 c5 7. Nf3 Bg7 8.
Be3 Qa5 9. Qc2 Nc6 10. Rd1 Bg4 11. dxc5 Bxc3+ 12. Bd2 Bxd2+ 13. Rxd2 Bxf3 14.
gxf3 Rd8 15. Qb2 O-O 16. Ke2 Qxc5 17. Rxd8 Rxd8 18. f4 Nd4+ 19. Ke3 Nc2+ 20.
Kf3 Rd2 21. Kg3 Qxf2+ 22. Kh3 Qf3+ 23. Kh4 Qxf4+ 24. Kh3 Qe3+ 25. Kh4 Qxe4+ 26.
Kh3 Qf3+ 0-1

[Event "SV Königsspringer Haltern 1 - SC Mülhei"]
[Site "Verbandsklasse - Gruppe 1 201"]
[Date "2018.10.07"]
[Round "2.1"]
[White "Viebahn, Dirk"]
[Black "Lautenschuetz, Ludger"]
[Result "1-0"]
[WhiteElo "2117"]
[BlackElo "1935"]
[PlyCount "81"]
[EventDate "2018.??.??"]

1. e4 e6 2. d4 d5 3. Nd2 a6 4. Bd3 c5 5. c3 Nc6 6. Ne2 Nf6 7. e5 Nd7 8. O-O Qb6
9. Nf3 cxd4 10. cxd4 f6 11. Nf4 fxe5 12. dxe5 Nc5 13. Bc2 Be7 14. Ng5 Bxg5 15.
Qh5+ Kd7 16. Qxg5 Kc7 17. Qxg7+ Bd7 18. Bxh7 Rad8 19. Ng6 Rhe8 20. Bg5 Rc8 21.
Nf4 Kb8 22. Rac1 Rc7 23. Bf6 Rec8 24. Bb1 Qb4 25. Qg3 Nd4 26. Qc3 Qa4 27. Qa3
Qxa3 28. bxa3 Nb5 29. h4 Nxa3 30. Bg6 Nc4 31. h5 Be8 32. Bb1 Nd2 33. Rfe1 Nxb1
34. Rxb1 Bb5 35. Rbd1 Ba4 36. Rc1 Bb5 37. Red1 Rc6 38. h6 Ne4 39. Rxc6 bxc6 40.
h7 Nxf6 41. exf6 1-0

[Event "SV Königsspringer Haltern 1 - SC Mülhei"]
[Site "Verbandsklasse - Gruppe 1 201"]
[Date "2018.10.07"]
[Round "2.2"]
[White "Czarnik, Jozef"]
[Black "Langschmidt, Dirk"]
[Result "0-1"]
[WhiteElo "1888"]
[BlackElo "1986"]
[PlyCount "62"]
[EventDate "2018.??.??"]

1. d4 Nf6 2. Nc3 d5 3. Bg5 g6 4. Nf3 Bg7 5. e3 O-O 6. Bd3 b6 7. O-O c5 8. Re1
Bb7 9. Rb1 Ne4 10. Bh4 Nxc3 11. bxc3 c4 12. Bf1 Nd7 13. Qc1 Nf6 14. Qa3 Re8 15.
Nd2 Qd6 16. Qb2 Rac8 17. Bg3 Qe6 18. f3 Bh6 19. Bf2 Nh5 20. g4 Ng7 21. h4 g5
22. e4 gxh4 23. exd5 Qf6 24. Ne4 Qxf3 25. g5 Bxd5 26. gxh6 Bxe4 27. Rxe4 Qxe4
28. hxg7 Rc6 29. Bxc4 h3 30. Bf1 Rg6+ 31. Kh2 Rg2+ 0-1

[Event "SV Königsspringer Haltern 1 - SC Mülhei"]
[Site "Verbandsklasse - Gruppe 1 201"]
[Date "2018.10.07"]
[Round "2.3"]
[White "Achenbach, Manfred"]
[Black "Lombardi, Marco"]
[Result "1/2-1/2"]
[WhiteElo "1880"]
[BlackElo "1784"]
[PlyCount "71"]
[EventDate "2018.??.??"]

1. Nf3 d5 2. c4 e6 3. g3 Nf6 4. Bg2 Nbd7 5. O-O Be7 6. d3 O-O 7. Nc3 c6 8. e4
Qc7 9. Qe2 dxc4 10. dxc4 e5 11. a3 Nc5 12. Rb1 Nb3 13. Be3 Ng4 14. Qc2 Nxe3 15.
fxe3 Nc5 16. b4 Ne6 17. Nd1 a5 18. Qc3 Ng5 19. Nh4 Nh3+ 20. Kh1 Bxh4 21. gxh4
Qe7 22. Qe1 g5 23. Qg3 Kh8 24. Bxh3 gxh4 25. Qf3 Be6 26. Bxe6 fxe6 27. Qe2
Rxf1+ 28. Qxf1 axb4 29. axb4 Rf8 30. Qh3 Qf6 31. Rb2 Qf1+ 32. Qxf1 Rxf1+ 33.
Kg2 Rxd1 34. Rb3 Rc1 35. c5 Rc4 36. Kf3 1/2-1/2

[Event "SV Königsspringer Haltern 1 - SC Mülhei"]
[Site "Verbandsklasse - Gruppe 1 201"]
[Date "2018.10.07"]
[Round "2.4"]
[White "Schulz, Alfons"]
[Black "Riese, Manfred"]
[Result "0-1"]
[WhiteElo "1838"]
[BlackElo "1827"]
[PlyCount "76"]
[EventDate "2018.??.??"]

1. e4 d6 2. d4 Nf6 3. Nc3 c6 4. f4 g6 5. Nf3 Bg7 6. Bd3 O-O 7. O-O b5 8. a3 Qb6
9. Kh1 Na6 10. Qe1 Bg4 11. h3 Bxf3 12. Rxf3 Nc7 13. e5 Nfd5 14. Ne2 Ne6 15. c3
dxe5 16. dxe5 Rad8 17. Bc2 a5 18. Qg3 Qc7 19. h4 b4 20. h5 bxc3 21. bxc3 Nc5
22. Qh4 e6 23. Rh3 Rfe8 24. c4 Ne7 25. Be3 Nb7 26. g4 c5 27. Be4 Nc6 28. hxg6
hxg6 29. Rf1 Nd4 30. f5 exf5 31. gxf5 Qxe5 32. Bxb7 Nxe2 33. f6 Bxf6 34. Rxf6
Kg7 35. Bh6+ Kg8 36. Bg5 Qa1+ 37. Kg2 Qg1+ 38. Kf3 Rd3+ 0-1

[Event "SV Königsspringer Haltern 1 - SC Mülhei"]
[Site "Verbandsklasse - Gruppe 1 201"]
[Date "2018.10.07"]
[Round "2.5"]
[White "StrÃ¤nger, Petra"]
[Black "Michalicek, Roland"]
[Result "0-1"]
[WhiteElo "1814"]
[BlackElo "1845"]
[PlyCount "92"]
[EventDate "2018.??.??"]

1. d4 d5 2. Nf3 Nf6 3. c4 e6 4. Nc3 Nbd7 5. g3 dxc4 6. Qa4 Bd6 7. e4 b5 8. Qxb5
Rb8 9. Qxc4 Bb7 10. Qd3 Bb4 11. Nd2 Nxe4 12. Ndxe4 f5 13. Bg2 O-O 14. O-O fxe4
15. Bxe4 Nf6 16. Bxb7 Rxb7 17. Qc4 Nd5 18. Ne4 Be7 19. Qa6 Rb6 20. Qc4 h6 21.
b3 Qe8 22. Bd2 Rc6 23. Qe2 Qf7 24. Rac1 Rxc1 25. Rxc1 Qf5 26. Nc5 Rf6 27. Nd7
Rf7 28. Ne5 Rf6 29. Ba5 Ba3 30. Rf1 c5 31. Nd7 Rg6 32. Nxc5 Nf4 33. Qe3 Qg4 34.
Kh1 Ne2 35. Qe4 Qh5 36. Qa8+ Kh7 37. Qe4 Nxd4 38. b4 Nf3 39. h4 Nd2 40. Qd3
Nxf1 41. Nxe6 Ne3 42. Qxe3 Qd5+ 43. Kh2 Rxe6 44. Qxa3 Re1 45. f3 Qd2+ 46. Kh3
h5 0-1

[Event "SV Königsspringer Haltern 1 - SC Mülhei"]
[Site "Verbandsklasse - Gruppe 1 201"]
[Date "2018.10.07"]
[Round "2.6"]
[White "Eusgeld, Michael"]
[Black "Riek, Wolfgang"]
[Result "1-0"]
[WhiteElo "1811"]
[BlackElo "1786"]
[PlyCount "67"]
[EventDate "2018.??.??"]

1. d4 d5 2. c4 e6 3. Nc3 c6 4. Nf3 Bd6 5. Qc2 Nd7 6. e3 Ngf6 7. Bd3 dxc4 8.
Bxc4 O-O 9. O-O e5 10. Ne4 Nxe4 11. Qxe4 Nf6 12. Qh4 e4 13. Ne5 Bf5 14. Qg5 g6
15. b3 Kg7 16. f4 exf3 17. gxf3 h6 18. Qg2 Qc8 19. Qd2 a5 20. e4 Bxe5 21. Qxh6+
Kg8 22. dxe5 Nxe4 23. fxe4 Bxe4 24. e6 Bd5 25. Bb2 f6 26. Qxg6+ Kh8 27. Bxf6+
Rxf6 28. Qxf6+ Kg8 29. Qf7+ Kh8 30. Rf6 Qg8+ 31. Rg6 Qxg6+ 32. Qxg6 Rg8 33.
Qxg8+ Kxg8 34. Bxd5 1-0

[Event "SV Königsspringer Haltern 1 - SC Mülhei"]
[Site "Verbandsklasse - Gruppe 1 201"]
[Date "2018.10.07"]
[Round "2.7"]
[White "Meyer, Friedel"]
[Black "Backmann, Hans"]
[Result "1-0"]
[WhiteElo "1765"]
[BlackElo "1729"]
[PlyCount "47"]
[EventDate "2018.??.??"]

1. c4 c5 2. Nc3 Nc6 3. g3 g6 4. Bg2 Bg7 5. e3 e6 6. Nge2 Nge7 7. O-O O-O 8. e4
a6 9. d3 d5 10. exd5 exd5 11. Nxd5 Nxd5 12. Bxd5 Nb4 13. Be4 f5 14. Bg2 Qxd3
15. Nf4 Qxd1 16. Rxd1 Ra7 17. a3 Nc2 18. Rb1 b5 19. cxb5 axb5 20. h4 Re8 21.
Bc6 Re1+ 22. Rxe1 Nxe1 23. Be3 Nf3+ 24. Bxf3 1-0

[Event "SV Königsspringer Haltern 1 - SC Mülhei"]
[Site "Verbandsklasse - Gruppe 1 201"]
[Date "2018.10.07"]
[Round "2.8"]
[White "Struebig, Dominik"]
[Black "Wisotzky, Klaus"]
[Result "0-1"]
[WhiteElo "1702"]
[BlackElo "1638"]
[PlyCount "48"]
[EventDate "2018.??.??"]

1. e4 e6 2. d4 d5 3. e5 c5 4. Nf3 Nc6 5. Bb5 Bd7 6. O-O Nxe5 7. Bxd7+ Nxd7 8.
Re1 Ngf6 9. Bg5 Be7 10. Nc3 O-O 11. Qd2 cxd4 12. Nxd4 Re8 13. Rad1 a6 14. h3
Qc7 15. Bf4 Qc8 16. a3 Bc5 17. Nf3 Qc6 18. Qd3 Rac8 19. Re2 Bxa3 20. Nd4 Qc4
21. Bc1 Qxd3 22. Rxd3 Be7 23. Rg3 Nc5 24. Bh6 Nh5 0-1

[Event "SG Mengede 1 - SV Wattenscheid 3"]
[Site "Verbandsklasse - Gruppe 1 201"]
[Date "2018.10.07"]
[Round "2.1"]
[White "Leveikina, Jevgenija"]
[Black "Pauling, Markus"]
[Result "1/2-1/2"]
[WhiteElo "2035"]
[BlackElo "2182"]
[Annotator "Daniel"]
[PlyCount "108"]
[EventDate "2018.??.??"]

1. e4 c6 2. d4 d5 3. Nc3 dxe4 4. Nxe4 Nf6 5. Nxf6+ exf6 6. c3 Bd6 7. Bd3 O-O 8.
Qh5 Re8+ 9. Ne2 g6 10. Qh4 Nd7 11. O-O Nf8 12. Be3 Be6 13. c4 a6 14. Nc3 Be7
15. Rfd1 f5 16. Qg3 Bh4 17. Qf3 Bf6 18. Bf1 Rc8 19. d5 cxd5 20. cxd5 Bd7 21.
Bd4 Bxd4 22. Rxd4 Qb6 23. Rd2 Qd6 24. a3 h5 25. Bd3 Nh7 26. Qg3 Qxg3 27. hxg3
Nf6 28. f3 Rc5 29. Bc2 Rec8 30. Bb3 Kf8 31. Re1 Re8 32. Rde2 Rxe2 33. Rxe2 Ne8
34. Kf2 Nd6 35. Ke3 f6 36. Kd4 Rc8 37. Rd2 b6 38. Re2 Re8 39. Rxe8+ Bxe8 40.
Bc4 Nxc4 41. Kxc4 Ke7 42. b4 Kd6 43. b5 a5 44. Na4 Kc7 45. Nc3 $11 g5 46. f4 h4
47. gxh4 gxh4 48. Nd1 Bh5 49. Ne3 Be2+ 50. Kd4 Bxb5 51. Nxf5 Bd7 52. Nxh4 Bg4
53. g3 Kd6 54. Ng2 Bd7 1/2-1/2

[Event "SG Mengede 1 - SV Wattenscheid 3"]
[Site "Verbandsklasse - Gruppe 1 201"]
[Date "2018.10.07"]
[Round "2.2"]
[White "Borgschulze, Maik"]
[Black "Wolf, Ulrich"]
[Result "1-0"]
[WhiteElo "2134"]
[BlackElo "2041"]
[PlyCount "33"]
[EventDate "2018.??.??"]

1. d4 Nf6 2. c4 e6 3. Nc3 Bb4 4. e3 O-O 5. Bd3 Bxc3+ 6. bxc3 c5 7. e4 d6 8. Ne2
Nc6 9. O-O e5 10. d5 Na5 11. Ng3 h6 12. h3 Re8 13. f4 exf4 14. Bxf4 Nh7 15. Qh5
Qe7 16. Rae1 Qf8 17. Bxd6 1-0

[Event "SG Mengede 1 - SV Wattenscheid 3"]
[Site "Verbandsklasse - Gruppe 1 201"]
[Date "2018.10.07"]
[Round "2.3"]
[White "Thelen, Thomas"]
[Black "Bork, Sophie"]
[Result "1-0"]
[WhiteElo "1979"]
[BlackElo "1911"]
[PlyCount "83"]
[EventDate "2018.??.??"]

1. d4 d5 2. Nf3 Nf6 3. c4 e6 4. cxd5 exd5 5. Bg5 Be7 6. Qc2 c6 7. Nc3 h6 8. Bh4
Be6 9. e3 Nbd7 10. Bd3 Nb6 11. O-O Nh5 12. Bxe7 Qxe7 13. Ne5 Nf6 14. Rae1 Nfd7
15. Nxd7 Qxd7 16. b4 h5 17. b5 h4 18. bxc6 bxc6 19. e4 Kd8 20. exd5 Nxd5 21.
Be4 Nf6 22. Bf3 h3 23. g3 Nd5 24. Ne4 Bf5 25. Qd2 Bxe4 26. Bxe4 Nf6 27. Bf3 Rh6
28. Qa5+ Qc7 29. Qxc7+ Kxc7 30. Re7+ Kd6 31. Rxf7 a5 32. Rc1 Ra6 33. Rxg7 Ne8
34. Rg5 a4 35. Rgc5 Kd7 36. d5 cxd5 37. Rxd5+ Ke7 38. Re5+ Rae6 39. Rxe6+ Rxe6
40. Bg4 Rh6 41. Re1+ Kf7 42. Bd7 1-0

[Event "SG Mengede 1 - SV Wattenscheid 3"]
[Site "Verbandsklasse - Gruppe 1 201"]
[Date "2018.10.07"]
[Round "2.4"]
[White "Weinert, Christian"]
[Black "Peter, Thomas"]
[Result "1-0"]
[WhiteElo "1987"]
[BlackElo "2149"]
[PlyCount "93"]
[EventDate "2018.??.??"]

1. c4 Nf6 2. g3 g6 3. Bg2 Bg7 4. Nc3 O-O 5. e4 d6 6. Nge2 c5 7. O-O Nc6 8. d3
Ne8 9. a3 Nc7 10. Rb1 a5 11. h3 Ne6 12. Kh2 Bd7 13. f4 Ned4 14. Nxd4 Nxd4 15.
Ne2 Rb8 16. Nxd4 cxd4 17. a4 f5 18. b3 e5 19. Ba3 Bc6 20. Qd2 Rf7 21. Rbe1 fxe4
22. Bxe4 Bxe4 23. Rxe4 Qb6 24. Qd1 Rbf8 25. Bc1 Bh6 26. h4 Qc7 27. h5 g5 28.
Qg4 Kh8 29. f5 Qc8 30. f6 Qxg4 31. Rxg4 Rxf6 32. Rxf6 Rxf6 33. Bxg5 Bxg5 34.
Rxg5 h6 35. Rg4 Rf3 36. Rg6 Rxd3 37. Rxh6+ Kg7 38. Rxd6 e4 39. g4 e3 40. Re6
Rxb3 41. g5 Rb2+ 42. Kh3 e2 43. h6+ Kf7 44. h7 Rb3+ 45. Kg4 Rg3+ 46. Kxg3 Kxe6
47. Kf2 1-0

[Event "SG Mengede 1 - SV Wattenscheid 3"]
[Site "Verbandsklasse - Gruppe 1 201"]
[Date "2018.10.07"]
[Round "2.5"]
[White "Thon, Manfred"]
[Black "Delvos, Thorsten"]
[Result "1/2-1/2"]
[WhiteElo "1838"]
[BlackElo "1972"]
[PlyCount "61"]
[EventDate "2018.??.??"]

1. d4 Nf6 2. c4 g6 3. Nc3 Bg7 4. e4 d6 5. Be2 O-O 6. Be3 e5 7. dxe5 dxe5 8.
Qxd8 Rxd8 9. f3 Nc6 10. Nd5 Ne8 11. Bd1 Be6 12. Ba4 Bxd5 13. cxd5 Nd4 14. Ne2
Nd6 15. Bxd4 exd4 16. O-O-O b5 17. Bb3 c5 18. dxc6 Nc4 19. c7 Rd7 20. Kb1 a5
21. Nc3 Nxb2 22. Nxb5 Nxd1 23. Rxd1 Be5 24. Bd5 Rc8 25. Bb7 Rcxc7 26. Nxc7 Rxc7
27. Ba6 Rc6 28. Bb5 Rc5 29. a4 Rc3 30. h3 g5 31. Rc1 1/2-1/2

[Event "SG Mengede 1 - SV Wattenscheid 3"]
[Site "Verbandsklasse - Gruppe 1 201"]
[Date "2018.10.07"]
[Round "2.6"]
[White "Kraus, Reinhard"]
[Black "Doehmann, Joerg"]
[Result "0-1"]
[WhiteElo "1733"]
[BlackElo "1717"]
[PlyCount "112"]
[EventDate "2018.??.??"]

1. c4 e6 2. g3 d5 3. Bg2 Nf6 4. cxd5 exd5 5. Nf3 Bd6 6. O-O O-O 7. Qc2 c6 8.
Nc3 Re8 9. Re1 Bg4 10. d4 Nbd7 11. Bg5 h6 12. Bxf6 Nxf6 13. a3 a5 14. Nh4 Qd7
15. e4 dxe4 16. Nxe4 Nxe4 17. Bxe4 Be7 18. Bf5 Bxf5 19. Nxf5 Bf6 20. Re4 Qd5
21. Rae1 Kf8 22. Qe2 Qxe4 23. Qxe4 Rxe4 24. Rxe4 Rd8 25. Kg2 h5 26. b3 g6 27.
Ne3 Rxd4 28. Rxd4 Bxd4 29. Nc4 Bc3 30. Nd6 b5 31. Kf3 f5 32. a4 Bb4 33. Nc8 Bc5
34. Kf4 Ke8 35. axb5 cxb5 36. Ke5 Kd7 37. Kd5 Bxf2 38. Nd6 a4 39. Nxb5 axb3 40.
Nc3 b2 41. Nb1 Bg1 42. h3 Bf2 43. g4 fxg4 44. hxg4 hxg4 45. Ke4 g5 46. Nd2 Be1
47. Nb1 Bb4 48. Kd3 Ke6 49. Ke3 Ke5 50. Ke2 Kf4 51. Kf2 g3+ 52. Kg2 Kg4 53. Kh1
Kf3 54. Kg1 g2 55. Kh2 g4 56. Kg1 Bc5+ 0-1

[Event "SG Mengede 1 - SV Wattenscheid 3"]
[Site "Verbandsklasse - Gruppe 1 201"]
[Date "2018.10.07"]
[Round "2.7"]
[White "Schlee, Ulrich"]
[Black "Ewers, Christian"]
[Result "1-0"]
[WhiteElo "1704"]
[BlackElo "1733"]
[PlyCount "45"]
[EventDate "2018.??.??"]

1. e4 Nf6 2. e5 Nd5 3. d4 Nb6 4. f4 d6 5. Nf3 dxe5 6. fxe5 Bg4 7. Be2 e6 8. Bg5
Be7 9. Bxe7 Qxe7 10. O-O Bf5 11. c3 O-O 12. Qe1 h6 13. Nbd2 c5 14. Nb3 N8d7 15.
Nh4 Bh7 16. Qg3 Na4 17. Bb5 Nab6 18. Rf2 a6 19. Be2 Nd5 20. Raf1 cxd4 21. Nxd4
Nxe5 22. Qxe5 Qxh4 23. Nxe6 1-0

[Event "SG Mengede 1 - SV Wattenscheid 3"]
[Site "Verbandsklasse - Gruppe 1 201"]
[Date "2018.10.07"]
[Round "2.8"]
[White "Wiktor, Reinhard"]
[Black "Boehmfeldt, Rolf"]
[Result "1/2-1/2"]
[WhiteElo "1718"]
[BlackElo "1886"]
[PlyCount "100"]
[EventDate "2018.??.??"]

1. d4 g6 2. c4 Bg7 3. Nc3 c5 4. d5 d6 5. Nf3 e5 6. dxe6 fxe6 7. e4 Nc6 8. Bf4
e5 9. Bg5 Nf6 10. h3 Nd4 11. Bxf6 Bxf6 12. Nxd4 cxd4 13. Nd5 O-O 14. Bd3 Be6
15. O-O Bg5 16. Be2 Bxd5 17. cxd5 Qb6 18. Qb3 Qxb3 19. axb3 Rfc8 20. Bd3 Bd2
21. g3 Rf8 22. Kg2 a5 23. Rfd1 Bh6 24. Ra4 Rfc8 25. Raa1 b6 26. h4 Kg7 27. Rf1
Rf8 28. Bb5 Rac8 29. Bd3 Rc7 30. Ra4 Bd2 31. Rc4 Rxc4 32. Bxc4 h6 33. Rd1 Bb4
34. Bb5 g5 35. hxg5 hxg5 36. Rd3 Be1 37. f3 g4 38. fxg4 Rf2+ 39. Kh3 Rxb2 40.
g5 Re2 41. Rxd4 Re3 42. Rd3 Rxe4 43. Rf3 Rd4 44. Rf1 Rxd5 45. Bc4 Rd1 46. Be2
Rc1 47. Bh5 Bd2 48. Rf7+ Kg8 49. Kg4 e4 50. Re7 Rc5 1/2-1/2

[Event "SV Horst-Emscher 2 - SC Werl 1981 1"]
[Site "Verbandsklasse - Gruppe 1 201"]
[Date "2018.10.07"]
[Round "2.1"]
[White "Schwarzkopf, Christian"]
[Black "Patzer, Joerg"]
[Result "1-0"]
[WhiteElo "2041"]
[BlackElo "1855"]
[Annotator "Daniel"]
[PlyCount "85"]
[EventDate "2018.??.??"]

1. d4 f5 2. h3 d5 3. Nf3 Nf6 4. c4 e6 5. Nc3 c6 6. g4 Ne4 7. Qb3 Qb6 8. gxf5
Qxb3 9. axb3 Nxc3 10. bxc3 dxc4 $11 11. bxc4 exf5 12. Ba3 Bxa3 13. Rxa3 Be6 14.
e3 Nd7 15. Bd3 g6 16. h4 h6 17. Kd2 Ke7 18. Rg1 Rhg8 19. Rb1 b6 20. Rba1 a5 21.
c5 bxc5 22. Rxa5 Rxa5 23. Rxa5 cxd4 24. Nxd4 Rc8 25. Ra7 Kd6 26. h5 Ne5 27.
hxg6 Nxd3 28. Kxd3 Bd7 29. Ne2 Rg8 30. Nf4 h5 31. Ra1 h4 32. Rh1 Rh8 33. f3 c5
34. g7 Rg8 35. Nh5 Be6 36. Rxh4 Bf7 37. Ng3 Ke5 38. f4+ Kf6 39. Rh6+ Bg6 40.
Rh2 Rxg7 41. Nh5+ Bxh5 42. Rxh5 Rc7 43. Kc4 1-0

[Event "SV Horst-Emscher 2 - SC Werl 1981 1"]
[Site "Verbandsklasse - Gruppe 1 201"]
[Date "2018.10.07"]
[Round "2.2"]
[White "Laake, Reinhard"]
[Black "Karmainski, Andreas"]
[Result "0-1"]
[WhiteElo "1844"]
[BlackElo "2116"]
[PlyCount "130"]
[EventDate "2018.??.??"]

1. e4 e6 2. d4 d5 3. exd5 exd5 4. Bd3 c5 5. dxc5 Bxc5 6. Nf3 Nf6 7. O-O O-O 8.
Nc3 Nc6 9. Bg5 Be6 10. a3 a6 11. Qd2 Re8 12. h3 Kh8 13. Rad1 Ne7 14. Kh1 Ng6
15. Bxg6 hxg6 16. Qf4 Be7 17. Rd2 Qb6 18. b4 Qc6 19. Ne2 Qc4 20. Qxc4 dxc4 21.
Ng3 a5 22. c3 axb4 23. axb4 Ra3 24. Rc1 Rea8 25. Nd4 Ra1 26. Rdd1 Rxc1 27. Rxc1
Bd5 28. f3 Bd6 29. Nge2 Nh5 30. Kg1 f6 31. Be3 Ng3 32. Kf2 Nxe2 33. Nxe2 Bc6
34. Nd4 Be8 35. Rd1 g5 36. Ne2 Bc7 37. Bd4 Ra2 38. h4 gxh4 39. Rh1 Bg6 40.
Rxh4+ Kg8 41. Ke3 Rc2 42. Rh1 Ra2 43. g4 Bc2 44. Rc1 Kf7 45. Rh1 Kg8 46. Rc1
Kf7 47. Rh1 g5 48. Bc5 b6 49. Bd4 Bd3 50. Re1 Bh2 51. f4 Bxe2 52. fxg5 fxg5 53.
Rxe2 Bg1+ 54. Kf3 Rxe2 55. Bxg1 Rc2 56. Bd4 Ke6 57. Ke4 b5 58. Bg7 Rd2 59. Bd4
Rd3 60. Bg7 Rg3 61. Kd4 Rxg4+ 62. Kc5 Re4 63. Kxb5 g4 64. Kc6 g3 65. Bf8 Re5
0-1

[Event "SV Horst-Emscher 2 - SC Werl 1981 1"]
[Site "Verbandsklasse - Gruppe 1 201"]
[Date "2018.10.07"]
[Round "2.3"]
[White "Lampe, Thomas"]
[Black "Verfuerth, Christian"]
[Result "0-1"]
[WhiteElo "1967"]
[BlackElo "1836"]
[Annotator "Daniel"]
[PlyCount "130"]
[EventDate "2018.??.??"]

1. e4 e6 2. d3 d5 3. Nd2 Nf6 4. Ngf3 b6 5. g3 dxe4 6. dxe4 Bc5 7. Bd3 e5 8. Qe2
Qe7 9. Nb3 Bd6 10. c3 O-O 11. h3 a5 12. Nh4 g6 13. Bg5 Bb7 14. O-O Nbd7 15. Kh2
a4 16. Nd2 Nc5 17. Bc4 Ne6 18. Bh6 Rfe8 $11 19. Rae1 Nc5 20. Bg5 Ne6 21. Bh6
Nc5 22. f3 Qd7 23. Rd1 Qe7 24. Ng2 Nh5 25. Ne3 c6 26. a3 b5 27. Ba2 Bc8 28. Ng4
Be6 29. Bxe6 Qxe6 30. Bg5 f6 31. Be3 Ng7 32. c4 Rab8 33. Rc1 b4 34. axb4 Rxb4
35. Rc2 Reb8 36. Nb1 h5 37. Nf2 Qe7 38. Rd1 Nge6 39. Nd3 Nxd3 40. Rxd3 Bc5 41.
Bxc5 Nxc5 42. Ra3 $11 Qb7 43. Ra2 Nb3 44. Qf1 Nd4 45. Rd2 Qf7 46. Na3 Rb3 47.
Rf2 R8b4 48. Kg2 Qb7 49. Qc1 Rd3 50. Qh6 Qg7 51. Qc1 Rbb3 52. Nc2 Nxf3 53. Rxa4
Ng5 54. Ra8+ Kh7 55. Ne1 Rxg3+ 56. Kf1 Nxe4 57. Rg2 Rxh3 58. Qc2 f5 59. Rc8 Qb7
60. Re8 Rh1+ 61. Rg1 Rxg1+ 62. Kxg1 Rxb2 63. Qd3 Qa7+ 64. c5 Qxc5+ 65. Kf1 Qf2#
0-1

[Event "SV Horst-Emscher 2 - SC Werl 1981 1"]
[Site "Verbandsklasse - Gruppe 1 201"]
[Date "2018.10.07"]
[Round "2.4"]
[White "Rebentisch, Sebastian"]
[Black "Beulertz, Stefan"]
[Result "0-1"]
[WhiteElo "1719"]
[BlackElo "1994"]
[PlyCount "88"]
[EventDate "2018.??.??"]

1. e4 e6 2. d4 d5 3. Nc3 Nc6 4. Nf3 Nf6 5. e5 Ne4 6. Bd3 Bb4 7. Bd2 Nxd2 8.
Qxd2 Bd7 9. O-O f6 10. Qf4 Ba5 11. a3 Qe7 12. b4 Bb6 13. Ne2 O-O 14. Qh4 f5 15.
Qxe7 Nxe7 16. c4 dxc4 17. Bxc4 c6 18. Nc3 Nd5 19. Na4 Bd8 20. Nc5 Bc8 21. Rac1
b6 22. Nd3 g5 23. Bb3 g4 24. Nd2 Bg5 25. Rfd1 Ba6 26. Bc4 Bb7 27. Rc2 Rfd8 28.
Bb3 Ba6 29. Bc4 Bb7 30. Ba2 Nc7 31. Nb3 Kf7 32. Ne1 Rd7 33. a4 Rad8 34. h3 h5
35. hxg4 hxg4 36. Kf1 Ba6+ 37. Kg1 Nd5 38. Nd3 Bxd3 39. Rxd3 Nxb4 40. Rdc3 Nxc2
41. Rxc2 c5 42. dxc5 Rd1+ 43. Kh2 f4 44. g3 Rh8+ 0-1

[Event "SV Horst-Emscher 2 - SC Werl 1981 1"]
[Site "Verbandsklasse - Gruppe 1 201"]
[Date "2018.10.07"]
[Round "2.5"]
[White "Brunberg, Ingo"]
[Black "Weichert, Eddy"]
[Result "0-1"]
[WhiteElo "1801"]
[BlackElo "1705"]
[PlyCount "70"]
[EventDate "2018.??.??"]

1. e4 e5 2. Nf3 Nc6 3. Bb5 a6 4. Bxc6 dxc6 5. Nc3 Bc5 6. Qe2 f6 7. d3 Qd6 8. h3
Be6 9. Be3 Bxe3 10. Qxe3 c5 11. Nd2 O-O-O 12. O-O-O Ne7 13. g3 Nc6 14. f4 b5
15. Kb1 Nd4 16. Nf3 Rhf8 17. Rdf1 c4 18. Ne1 b4 19. Ne2 Nxe2 20. Qxe2 c3 21. b3
c5 22. Qe3 Qc7 23. Qc1 a5 24. a4 Qc6 25. g4 c4 26. dxc4 Bxc4 27. bxc4 Qxa4 28.
Nf3 b3 29. cxb3 Qxb3+ 30. Ka1 Qa4+ 31. Kb1 Rf7 32. Qxc3 Rb7+ 33. Kc1 Rb3 34.
Qxb3 Qxb3 35. Rh2 Qa3+ 0-1

[Event "SV Horst-Emscher 2 - SC Werl 1981 1"]
[Site "Verbandsklasse - Gruppe 1 201"]
[Date "2018.10.07"]
[Round "2.6"]
[White "Konietzka, Bernd"]
[Black "Zimmer, Sebastian"]
[Result "1-0"]
[WhiteElo "1901"]
[BlackElo "1653"]
[Annotator "Daniel"]
[PlyCount "55"]
[EventDate "2018.??.??"]

1. e4 e6 2. d4 d5 3. Nc3 Nf6 4. Bg5 Be7 5. e5 Nfd7 6. Bxe7 Qxe7 7. Nf3 a6 8.
Bd3 c5 9. dxc5 Nxc5 10. O-O Nc6 11. Re1 O-O 12. Qd2 f6 13. Qe3 fxe5 14. Nxe5
Nxe5 $11 15. Qxe5 Nxd3 16. cxd3 Qf6 17. Qxf6 Rxf6 18. Re5 Bd7 19. Rae1 Kf7 20.
Nxd5 Rg6 21. g3 Bc6 22. Nf4 Rf6 23. Nxe6 h6 24. Nc5 Rd8 25. Re7+ Kg6 26. Ne6
Rg8 27. d4 Rf7 28. Nf4+ 1-0

[Event "SV Horst-Emscher 2 - SC Werl 1981 1"]
[Site "Verbandsklasse - Gruppe 1 201"]
[Date "2018.10.07"]
[Round "2.7"]
[White "Huegel, Guido"]
[Black "Karabueguel, Okan"]
[Result "1-0"]
[WhiteElo "1762"]
[BlackElo "1712"]
[PlyCount "51"]
[EventDate "2018.??.??"]

1. e4 e5 2. Nf3 Nc6 3. Bc4 Bc5 4. c3 Nf6 5. d4 exd4 6. cxd4 Bb4+ 7. Nc3 Nxe4 8.
O-O Bxc3 9. d5 Bf6 10. Re1 Ne7 11. Rxe4 d6 12. Bg5 Bxg5 13. Nxg5 h6 14. Qe2
hxg5 15. Re1 Be6 16. dxe6 f5 17. Re3 c6 18. Rg3 Ng6 19. e7 Qxe7 20. Qxe7+ Nxe7
21. Rge3 O-O-O 22. Rxe7 d5 23. Bd3 g6 24. R1e6 Rh6 25. Bxf5 d4 26. Rxg6+ 1-0

[Event "SV Horst-Emscher 2 - SC Werl 1981 1"]
[Site "Verbandsklasse - Gruppe 1 201"]
[Date "2018.10.07"]
[Round "2.8"]
[White "Ponto, Michael"]
[Black "Mueller, Andreas"]
[Result "0-1"]
[WhiteElo "1666"]
[BlackElo "1688"]
[PlyCount "84"]
[EventDate "2018.??.??"]

1. c4 e6 2. Nf3 d5 3. e3 Nf6 4. Nc3 c5 5. d4 dxc4 6. Bxc4 Nc6 7. O-O Be7 8. b3
O-O 9. Bb2 a6 10. a4 b6 11. Rc1 Bb7 12. Ne2 Nb4 13. Ne5 Be4 14. Nc3 Bb7 15. f4
Nbd5 16. Nxd5 Nxd5 17. Qe2 Bd6 18. Nd3 Nb4 19. Qg4 Nxd3 20. Bxd3 g6 21. f5 h5
22. Qh3 exf5 23. dxc5 Bxc5 24. Bxf5 Qg5 25. Rxc5 bxc5 26. Bd3 Bd5 27. e4 Bxb3
28. Bf6 Qh6 29. g4 Be6 30. Be2 Rab8 31. Qg3 Rb3 32. Qg2 Qe3+ 33. Kh1 Qh3 34.
Qf2 Bxg4 35. Bxg4 Qxg4 36. e5 Rfb8 37. Be7 Qe6 38. Qxc5 Rb1 39. Rxb1 Rxb1+ 40.
Kg2 Qg4+ 41. Kf2 Rb2+ 42. Ke1 Qe2# 0-1